Normal view
MARC view
Entry Término temático
001 - NÚMERO DE CONTROL
- campo de control: 64754
003 - IDENTIFICADOR DEL NÚMERO DE CONTROL
- campo de control: OSt
005 - FECHA Y HORA DE LA ÚLTIMA TRANSACCIÓN
- campo de control: 20200615035505.0
008 - DATOS DE LONGITUD FIJA
- campo de control de longitud fija: 200615|| aca||aabn | a|a d
040 ## - FUENTE DE LA CATALOGACIÓN
- Centro catalogador/agencia de origen: OSt
- Centro/agencia transcriptor: OSt
150 ## - ENCABEZAMIENTO--TÉRMINO DE MATERIA
- Término de materia o nombre geográfico como elemento de entrada: INDUSTRIAS AGROPECUARIAS
- Subdivisión general: PRODUCTOS DERIVADOS
- Subdivisión general: INVESTIGACIONES
670 ## - FUENTE DE DATOS ENCONTRADOS
- Cita de la fuente: Work cat.: (OSt)37907: Programa Iberomericano de Ciencia y Tecnología para el Desarrollo (CYTED) 64753, Producción simultánea de dextrano y fructosa a partir de desechos agroindustriales en Iberoamérica :, 2002.
